Manažérske tréningy zamerané na rozvíjanie líderských schopností manažérov

Lídership a manažment. Pojmové vymedzenie lídrov a manažérov. Efektívny manažment. Úspešnosť organizácie a koncepcia rozvoja ľudských zdrojov zameraná na tréningy na podporu rozvíjania lídrovských schopností. Rozvíjanie lídershipu v organizáciách. Kompetencie lídrov. Vzdelávanie lídrov.

Enregistré dans:
Détails bibliographiques
Auteur principal: Jamnický, Peter
Format: Chapitre de livre
Langue:slovaque
Sujets:
Tags: Ajouter un tag
Pas de tags, Soyez le premier à ajouter un tag!

MARC

LEADER 00000naa$a2200000$$$4500
001 0001601
005 20230907084807.9
041 0 |a slo 
044 |a SK 
245 1 0 |a Manažérske tréningy zamerané na rozvíjanie líderských schopností manažérov  |c aut. Peter Jamnický 
520 |a Lídership a manažment. Pojmové vymedzenie lídrov a manažérov. Efektívny manažment. Úspešnosť organizácie a koncepcia rozvoja ľudských zdrojov zameraná na tréningy na podporu rozvíjania lídrovských schopností. Rozvíjanie lídershipu v organizáciách. Kompetencie lídrov. Vzdelávanie lídrov. 
610 2 0 |a manažéri 
610 2 0 |a lídri 
610 2 0 |a kvalifikácia 
610 2 0 |a kreativita 
610 2 0 |a riadenie personálne 
100 1 |a Jamnický, Peter